1137 1792 1564 1676 1280 1045 1306 1593 1302 1668 1262 1375 1902 1842 1934 1014 1745 1574 1829 1161 1851 1669 1574 1094 1629 1738 1310 1427 1003 1756 1438 1007 1575 1491 1831 1514 1859 1838 1443 1310 1696 1963 1161 1217 1658 1101 1743 1278 1690 1722 1421 1201 1418 1713 1972 1933 1070 1673 1284 1396 1864 1037 1606 1924 1084 1816 1882 1785 1055 1160 1519 1694 1989 1820 1257 1215 1713 1726 1569 1615 1295 1158 1448 1476 1439 1530 1730 1547 1591 1992 1583 1968 1461 1615 1343 1683 1661 1814 1784 BCNSPRNW ULIB Ver.6.0+V

เปลี่ยนเป็นภาษาไทย

Change to English
 แสดงรายละเอียดบรรณานุกรม
  กลับหน้าหลัก

Brief Record : Get Marc (ISO 2709) : E-mail record : QR code < ปิดหน้าต่าง
LEADER : 00000nam 2200000uu 4500
001    13399114312
003     ULIB
008    120321s2551||||th 000 0 tha d
020    ^a9786110600194
090    ^aนว.^bP111D 2551
100 0  ^apiana
245 00 ^aDestiny of Love โชคชะตารักเปิดประตูใจคุณชายแบดบอย/^cpiano
250    ^aพิมพ์ครั้งที่ 1
260    ^aกรุงเทพฯ :^bแจ่มใส,^c2551
300    ^a224หน้า
710 1  ^aแจ่มใส
945    ^p169^l0^i15780
995    ^aกัณชพร
999    ^aใช้งานได้ทุกระบบ
รายการนี้ยังไม่มีแท็ก
คุณยังไม่ได้ล็อกอิน คุณสามารถมีกิจกรรมร่วมกับเว็บไซต์ได้ แต่ต้องล็อกอินก่อน ::
  ล็อกอิน

รายการสื่อสารสนเทศ

ลำดับที่ ประเภท เลขเรียก/บาร์โค้ด สถานที่ สถานะ
1. นวนิยาย
นวนิยาย
นว. P111D 2551  
  Barcode: 15780
ห้องสมุดวิทยาเขตสวรรค์ประชารักษ์
►นวนิยาย
บนชั้น
  ขอยืม

BibComment


ยังไม่เคยถูกคอมเมนท์

คอมเมนท์ทรัพยากรรายการนี้
  คอมเมนท์: Destiny of Love ..


 Copyright 2026. Bcnsprnw @Library